LEADER 01596nam 2200373z- 450 001 9910693935203321 005 20230126221257.0 035 $a(CKB)5860000000034109 035 $a(BIP)033857589 035 $a(EXLCZ)995860000000034109 100 $a20220406c2004uuuu -u- - 101 0 $aeng 200 10$aSocial Security number and Individual Taxpayer Identification Number mismatches and misuse $ehearing before the Subcommittee on Oversight and Subcommittee on Social Security of the Committee on Ways and Means, U.S. House of Representatives, One Hundred Eighth Congress, second session, March 10, 2004 215 $a1 online resource (iii, 103 p.) $cill 311 $a0-16-072787-1 517 $aSocial Security Number and Individual Taxpayer Identification Number Mismatches and Misuse 606 $aIdentification numbers, Personal$zUnited States 606 $aIdentity theft$zUnited States 606 $aNoncitizens$xTaxation$zUnited States 606 $aNational security$zUnited States 610 $aIdentity theft 610 $aAliens 610 $aNational security 610 $aSocial science 610 $aPolitical science 615 0$aIdentification numbers, Personal 615 0$aIdentity theft 615 0$aNoncitizens$xTaxation 615 0$aNational security 712 02$aUnited States.$bCongress.$bHouse.$bCommittee on Ways and Means.$bSubcommittee on Social Security. 906 $aBOOK 912 $a9910693935203321 996 $aSocial Security number and Individual Taxpayer Identification Number mismatches and misuse$93148484 997 $aUNINA